| 000 | 00622nam a2200229Ia 4500 | ||
|---|---|---|---|
| 005 | 20250508165017.0 | ||
| 008 | 008 250505s9999 xx 000 0 eng d | ||
| 020 | _a0-00-606165-6 | ||
| 037 | _aTextual | ||
| 040 |
_aFEDL _beng _cFEDL |
||
| 041 |
_aeng _2eng |
||
| 084 |
_a155.4, WIC _qFEDL |
||
| 100 |
_aWicks-Nelson Rita _990632 |
||
| 245 | 0 | _aBehavior disorders of childhood | |
| 250 | _a2 | ||
| 260 |
_aEnglewood Chiffs, USA _bPrentice Hall _c1991 |
||
| 300 | _axviii,441p. | ||
| 546 | _aMACESE | ||
| 700 |
_a Israel Allen C _9779694 |
||
| 942 |
_cTEXL _h155.4, WIC |
||
| 999 |
_c1392635 _d1392635 |
||